Gestión de los costos de calidad : (Registro nro. 6196)

Detalles MARC
000 -LEADER
fixed length control field 01704nam a2200253Ia 4500
003 - CONTROL NUMBER IDENTIFIER
control field OSt
005 - DATE AND TIME OF LATEST TRANSACTION
control field 20210105090511.0
008 - FIXED-LENGTH DATA ELEMENTS--GENERAL INFORMATION
fixed length control field 191128s2012 yo gr 000 0dspa d
020 ## - INTERNATIONAL STANDARD BOOK NUMBER
International Standard Book Number 9783847364436
040 ## - CATALOGING SOURCE
Original cataloging agency CO-JMCR
Transcribing agency CO-JMCR
041 0# - LANGUAGE CODE
Language code of text/sound track or separate title spa
082 04 - DEWEY DECIMAL CLASSIFICATION NUMBER
Classification number 658.562 /
Item number M112g
Edition number 23
100 1# - MAIN ENTRY--PERSONAL NAME
Personal name Maceo Alvarez , Yosvanis,
Relator term autor
9 (RLIN) 12642
245 10 - TITLE STATEMENT
Title Gestión de los costos de calidad :
Remainder of title procedimiento metodológico para su cálculo y evaluación en la producción agrícola arrocera /
Statement of responsibility, etc. Yosvanis Maceo Alvarez
260 ## - PUBLICATION, DISTRIBUTION, ETC.
Place of publication, distribution, etc. Saarbrücken :
Name of publisher, distributor, etc. Editorial Académica Española,
Date of publication, distribution, etc. 2012
300 ## - PHYSICAL DESCRIPTION
Extent 49 páginas ;
Dimensions 22 cm.
500 ## - GENERAL NOTE
General note Incluye datos biográficos del autor en contraportada y notas a pie de página.
504 ## - BIBLIOGRAPHY, ETC. NOTE
Bibliography, etc. note Bibliografía: páginas 47-49
505 0# - FORMATTED CONTENTS NOTE
Formatted contents note Marco conceptual teórico -- Diseño de los procedimientos para la determinación y evaluación de los costos de calidad -- Aplicación práctica del procedimiento propuesto
520 3# - SUMMARY, ETC.
Summary, etc. En el contexto empresarial moderno, los sistemas de calidad se convierten en herramientas de gestión importantes para el logro de los objetivos de las organizaciones, llegando a convertirse en una ventaja competitiva para lograr posiciones estratégicas en el mercado. Para el logro de esta calidad se incurre en un costo, categoría económica conocida como costos de calidad. Mediante este texto ponemos a consideración del lector una propuesta metodológica, específicamente para la producción agrícola arrocera que permita cuantificar los costos por concepto de la calidad y la no calidad.
650 14 - SUBJECT ADDED ENTRY--TOPICAL TERM
Topical term or geographic name entry element Costos de calidad
General subdivision procedimientos
9 (RLIN) 12643
650 14 - SUBJECT ADDED ENTRY--TOPICAL TERM
Topical term or geographic name entry element Producción agrícola
General subdivision evaluación
9 (RLIN) 12644
942 ## - ADDED ENTRY ELEMENTS (KOHA)
Source of classification or shelving scheme Dewey Decimal Classification
Koha item type Books
Existencias
Withdrawn status Lost status Source of classification or shelving scheme Damaged status Not for loan Collection code Home library Current library Date acquired Source of acquisition Full call number Barcode Date last seen Copy number Koha item type
    Dewey Decimal Classification     Non-fiction Biblioteca Pública José María del Castillo y Rada Biblioteca Pública José María del Castillo y Rada 04/15/2018 Donación 658.562 / M112g 430012152 05/16/2024 Ej.1 Books